000 00664nam a2200217 a 4500
005 20140310183431.0
008 080107s19uu xx 00 eng d
020 _a9781593854461
050 _aLB 1050.5
_b.K54 2007
100 _aKlingner, Janette K.
245 _aTeaching reading comprehension to students with learning difficulties./
260 _aNew York :
_bThe Guilford Press,
_c2007.
300 _a178 p. :
_bill. ;
_c27 cm.
521 _aEDU
650 _aReading comprehension
_xStudy and teaching.
650 _aReading
_xRemedial teaching.
700 _aVaughn, Sharon
700 _aBoardman, Alison
942 _cBK
_2lcc
_kFOR
999 _c22732
_d22732